MARC details
| 000 -LEADER |
| fixed length control field |
00997nam a22002537a 4500 |
| 003 - CONTROL NUMBER IDENTIFIER |
| control field |
OSt |
| 005 - DATE AND TIME OF LATEST TRANSACTION |
| control field |
20251125162546.0 |
| 008 - FIXED-LENGTH DATA ELEMENTS--GENERAL INFORMATION |
| fixed length control field |
251125b |||||||| |||| 00| 0 eng d |
| 020 ## - INTERNATIONAL STANDARD BOOK NUMBER |
| International Standard Book Number |
0-205-41060-X. |
| 040 ## - CATALOGING SOURCE |
| Original cataloging agency |
DWCL-Main lib |
| Transcribing agency |
OC |
| 082 ## - DEWEY DECIMAL CLASSIFICATION NUMBER |
| Classification number |
Circ. 428 H565m 2005 |
| 100 ## - MAIN ENTRY--PERSONAL NAME |
| Personal name |
Herrera, Socorro G. |
| 245 ## - TITLE STATEMENT |
| Title |
Mastering ESL and bilingual methods : |
| Remainder of title |
differentiated instruction for culturally and linguistically (CLD) students |
| Statement of responsibility, etc. |
Herrera, Socorro G. |
| 260 ## - PUBLICATION, DISTRIBUTION, ETC. |
| Place of publication, distribution, etc. |
Boston : |
| Name of publisher, distributor, etc. |
Pearson Education, Inc., |
| Date of publication, distribution, etc. |
c2005. |
| 300 ## - PHYSICAL DESCRIPTION |
| Extent |
xxi, 405 pages : |
| Other physical details |
illustration ; |
| Dimensions |
23 cm. |
| 504 ## - BIBLIOGRAPHY, ETC. NOTE |
| Bibliography, etc. note |
Includes bibliographical references and index. |
| 650 ## - SUBJECT ADDED ENTRY--TOPICAL TERM |
| Source of heading or term |
1. Bilingualism-United States. |
| 650 ## - SUBJECT ADDED ENTRY--TOPICAL TERM |
| Source of heading or term |
2. English language-Study and teaching-Foreign speakers. |
| 650 ## - SUBJECT ADDED ENTRY--TOPICAL TERM |
| Source of heading or term |
3. English language-Study and teaching-United States. |
| 650 ## - SUBJECT ADDED ENTRY--TOPICAL TERM |
| Source of heading or term |
4. Language and culture-United States. |
| 650 ## - SUBJECT ADDED ENTRY--TOPICAL TERM |
| Source of heading or term |
5. Multicultural education-United States. |
| 700 ## - ADDED ENTRY--PERSONAL NAME |
| Personal name |
Murray, Kevin G. |
| 942 ## - ADDED ENTRY ELEMENTS (KOHA) |
| Source of classification or shelving scheme |
Dewey Decimal Classification |
| Koha item type |
Book Circulation |
| Call number prefix |
Circ. |
| Suppress in OPAC |
No |
| 952 ## - LOCATION AND ITEM INFORMATION (KOHA) |
| -- |
|